Grades de la marine Belge - Statistiques

Statistiques générales
  • Ce quiz a été pris 23 fois
  • Le résultat moyen est 17 sur 23
Statistiques - réponses
Par images Réponse % Correct
Maitre
100%
Matelot
100%
Premier Matelot
100%
premier quartier maitre chef
100%
Second maitre
100%
Maitre chef
88%
Maitre principal chef
88%
Premier Maitre
88%
Quartier maitre
88%
Capitaine de corvette
75%
Capitaine de frégate
75%
Capitaine de vaisseau
75%
Lieutenant de vaisseau
75%
Maitre principal
75%
Premier quartier maitre
75%
Amiral de division
63%
Amiral de flotille
63%
Enseigne de vaisseau de deuxieme classe
63%
Lieutenant de vaisseau de premiere classe
63%
Premier maitre chef
63%
Vice-amiral
63%
Amiral
50%
Enseinge de vaisseau
13%
Aucun quiz correspondant
Distribution des résultats
% des personnes avec chaque résultat
Percentile par nombre de réponses
Votre historique - résultats
Vous n’avez pas pris ce quiz